002900000a2200097000450024500590000065000270005965000210008604100130010710000190012077300530013910aFuture of our landscapes challenging landscape ecology14aEcología del paisaje14aRiesgo ambiental0 aInglés1 aDecamps, Henri1 tLandscape and Urban Planning3520h37q8-9d1997